Name the main characters of Friends Quiz Stats

 Plays Quiz not verified by Sporcle

Score 0/6 Timer 01:00
0 Plays Today
% Correct
Phoebe
100%
Joey
100%
Ross
98%
Rachel
98%
Monica
98%
Chandler
94%

You're not logged in!

Compare scores with friends on all Sporcle quizzes.
OR
Log In

Show Comments

Extras

Created Feb 21, 2012ReportNominate
Tags:character

Top Quizzes Today


Score Distribution

Your Account Isn't Verified!

In order to create a playlist on Sporcle, you need to verify the email address you used during registration. Go to your Sporcle Settings to finish the process.

Report this User

Report this user for behavior that violates our Community Guidelines.

Details: